[Event "OPEN A"]
[Site "?"]
[Date "2007.08.26"]
[Round "2.1"]
[White "Hausner, Ivan"]
[Black "Lizner, Milan"]
[Result "1-0"]
[WhiteElo "2393"]
[BlackElo "2140"]
[PlyCount "65"]
[EventDate "2007.08.26"]
[SourceDate "2007.08.26"]

1. c4 f5 2. Nc3 Nf6 3. g3 d6 4. Bg2 g6 5. d3 Bg7 6. Rb1 c6 7. e3 O-O 8. Nge2
Na6 9. b4 Bd7 10. O-O e5 11. a4 Qe7 12. a5 Rab8 13. Ba3 Qe6 14. b5 Nc7 15. a6
Rfd8 16. axb7 cxb5 17. cxb5 d5 18. Na4 Bxb5 19. Nc5 Qe8 20. d4 e4 21. Nc3 Bc4
22. Re1 Bf8 23. Bf1 Bxf1 24. Rxf1 Rd6 25. N3a4 Nd7 26. Nxd7 Rxd7 27. Bxf8 Kxf8
28. Nc5 Rd6 29. Qb3 Qc6 30. Rfc1 Qb6 31. Qa3 Nb5 32. Rxb5 Qxb5 33. Nxe4 1-0

[Event "OPEN A"]
[Site "?"]
[Date "2007.08.26"]
[Round "2.27"]
[White "Rerabkova, Lucie"]
[Black "Novak, Jindrich"]
[Result "0-1"]
[WhiteElo "1946"]
[BlackElo "2024"]
[PlyCount "68"]
[EventDate "2007.08.26"]
[SourceDate "2007.08.26"]

1. e4 Nc6 2. d4 e5 3. d5 Nce7 4. Bg5 d6 5. Bd3 g6 6. h4 h6 7. Bd2 f5 8. exf5
Bxf5 9. Bxf5 gxf5 10. Qh5+ Kd7 11. Nc3 Qe8 12. Qe2 Nf6 13. O-O-O Nfxd5 14. Nxd5
Nxd5 15. Qb5+ Ke6 16. Qxb7 Rb8 17. Qa6 Qb5 18. Qa3 Bg7 19. Rh3 e4 20. Rb3 Qc5
21. Qxc5 dxc5 22. Be3 c4 23. Rxb8 Rxb8 24. Bd4 Be5 25. Bxe5 Kxe5 26. g3 f4 27.
Ne2 fxg3 28. Nxg3 Rg8 29. c3 e3 30. Re1 Rg4 31. h5 Kf6 32. Rf1 Kg5 33. Kd1 exf2
34. Nh1 Ne3+ 0-1

[Event "OPEN A"]
[Site "?"]
[Date "2007.08.26"]
[Round "2.7"]
[White "Blumel, Otto"]
[Black "Koys, Milan"]
[Result "1/2-1/2"]
[WhiteElo "2234"]
[BlackElo "2113"]
[PlyCount "45"]
[EventDate "2007.08.26"]
[SourceDate "2007.08.26"]

1. e4 Nf6 2. Nc3 d5 3. d4 Nxe4 4. Nxe4 dxe4 5. f3 e5 6. Be3 exd4 7. Bxd4 Nc6 8.
Bb5 Bd7 9. Bc3 Qg5 10. Qe2 O-O-O 11. fxe4 Bg4 12. Nf3 Bxf3 13. gxf3 Nd4 14.
Bxd4 Rxd4 15. Bd3 Bc5 16. Kf1 Rd6 17. Qg2 Qe5 18. Re1 Rhd8 19. Qg3 Qxb2 20. f4
Rg6 21. Qf3 Qd4 22. Ke2 Kb8 23. Rb1 1/2-1/2

[Event "OPEN A"]
[Site "?"]
[Date "2007.08.26"]
[Round "2.4"]
[White "Skala, Jaromir"]
[Black "Vojta, Tomas"]
[Result "0-1"]
[WhiteElo "2075"]
[BlackElo "2283"]
[PlyCount "50"]
[EventDate "2007.08.26"]
[SourceDate "2007.08.26"]

1. e4 Nf6 2. e5 Nd5 3. c4 Nb6 4. c5 Nd5 5. Nc3 e6 6. d4 d6 7. cxd6 cxd6 8. Bd3
dxe5 9. dxe5 Nxc3 10. bxc3 Nc6 11. Nf3 Qa5 12. O-O Be7 13. Re1 Qxc3 14. Bg5 Bd7
15. Bxe7 Nxe7 16. Ng5 Bc6 17. Ne4 Qxe5 18. Bb5 O-O 19. Bxc6 bxc6 20. Nd6 Qd5
21. Qxd5 cxd5 22. Rec1 Rfd8 23. Rc7 Rxd6 24. Rxe7 Ra6 25. Rc7 Rb8 0-1

[Event "OPEN A"]
[Site "?"]
[Date "2007.08.26"]
[Round "2.22"]
[White "Skacel, Jan"]
[Black "Schmalz, Milan"]
[Result "1/2-1/2"]
[WhiteElo "2103"]
[BlackElo "1797"]
[PlyCount "50"]
[EventDate "2007.08.26"]
[SourceDate "2007.08.26"]

1. Nf3 Nf6 2. g3 g6 3. Bg2 Bg7 4. O-O O-O 5. d4 d6 6. a4 Nbd7 7. a5 c5 8. a6
Qc7 9. Nc3 bxa6 10. dxc5 Nxc5 11. Bg5 Nce4 12. Bxf6 Nxf6 13. Nd4 Bb7 14. Bxb7
Qxb7 15. Qd3 Nd7 16. Nb3 Ne5 17. Qxa6 Qd7 18. Kg2 f5 19. Qb5 Qxb5 20. Nxb5 Nc4
21. Rxa7 Rxa7 22. Nxa7 Bxb2 23. Nc6 Kf7 24. Rg1 Rc8 25. Ncd4 e5 1/2-1/2

[Event "OPEN A"]
[Site "?"]
[Date "2007.08.26"]
[Round "2.2"]
[White "Pospisil, Evzen"]
[Black "Sodoma, Jan"]
[Result "0-1"]
[WhiteElo "2127"]
[BlackElo "2334"]
[PlyCount "50"]
[EventDate "2007.08.26"]
[SourceDate "2007.08.26"]

1. d4 Nf6 2. Nf3 e6 3. Bf4 b6 4. e3 Be7 5. h3 Bb7 6. Nbd2 O-O 7. Bd3 c5 8. c3
d5 9. Ne5 Ne4 10. Qc2 f5 11. Nxe4 fxe4 12. Be2 cxd4 13. cxd4 Bb4+ 14. Kf1 Bd6
15. h4 Bxe5 16. Bxe5 Nc6 17. Bg3 Qe7 18. f4 exf3 19. Bxf3 e5 20. Kg1 exd4 21.
Bxd5+ Kh8 22. Bxc6 Rac8 23. exd4 Rxc6 24. Qb3 Qe4 25. Re1 Rc1 0-1

[Event "OPEN A"]
[Site "?"]
[Date "2007.08.26"]
[Round "2.11"]
[White "Feierfeil, Jiri"]
[Black "Voracek, Mirek"]
[Result "0-1"]
[WhiteElo "1978"]
[BlackElo "2153"]
[PlyCount "72"]
[EventDate "2007.08.26"]
[SourceDate "2007.08.26"]

1. d4 Nf6 2. Bf4 g6 3. e3 Bg7 4. Bd3 d5 5. Nd2 c5 6. c3 Nc6 7. Ngf3 O-O 8. h3
Re8 9. O-O Nd7 10. Rc1 Qb6 11. Rb1 e5 12. dxe5 Ndxe5 13. Nxe5 Nxe5 14. Bc2 Qa6
15. a3 Nd3 16. Bxd3 Qxd3 17. Nf3 Bf5 18. Rc1 Qc4 19. Qd2 Rad8 20. Rfe1 Qe4 21.
Ng5 Qa4 22. Qd1 Qb5 23. Qd2 a5 24. g4 Bc8 25. Qe2 Qc6 26. Nf3 b6 27. Nd2 a4 28.
f3 Bb7 29. Kf2 Qf6 30. Bg3 Bh6 31. Qd3 d4 32. cxd4 cxd4 33. e4 Ba6 34. Qc2 d3
35. Qxa4 Bxd2 36. e5 b5 0-1

[Event "OPEN A"]
[Site "?"]
[Date "2007.08.26"]
[Round "2.24"]
[White "Svitak, David"]
[Black "Framberk, Jan"]
[Result "0-1"]
[WhiteElo "1769"]
[BlackElo "2072"]
[PlyCount "82"]
[EventDate "2007.08.26"]
[SourceDate "2007.08.26"]

1. e4 c5 2. Nf3 d6 3. d4 cxd4 4. Nxd4 Nf6 5. Nc3 Nc6 6. Bc4 e6 7. Be3 Be7 8. g4
Nxd4 9. Bxd4 e5 10. Bb5+ Bd7 11. Bxd7+ Qxd7 12. Be3 Nxg4 13. Bd2 f5 14. Rg1 Bh4
15. Rg2 O-O 16. Qe2 Nxf2 17. Qh5 Qd8 18. Ke2 Nxe4 19. Rag1 Nxc3+ 20. bxc3 Rf7
21. Bh6 Bf6 22. Qxf5 Qc8 23. Qe4 Qd7 24. Rf2 Qe6 25. h4 Rc8 26. Rg4 d5 27. Qg2
Rxc3 28. Kd1 Rc4 29. Rg3 Rd4+ 30. Kc1 Rxh4 31. Bd2 e4 32. Rb3 Qe5 33. Bc3 d4
34. Be1 Qg5+ 35. Kd1 Qxg2 36. Rxg2 Rh1 37. Ke2 Rc7 38. Kd1 Bh4 39. Re2 Rxe1+
40. Rxe1 Bxe1 41. Kxe1 Kf7 0-1

[Event "OPEN A"]
[Site "?"]
[Date "2007.08.26"]
[Round "2.5"]
[White "Vrana, Jan"]
[Black "Krasnay, Peter"]
[Result "1-0"]
[WhiteElo "2271"]
[BlackElo "2123"]
[PlyCount "53"]
[EventDate "2007.08.26"]
[SourceDate "2007.08.26"]

1. e4 c5 2. Nf3 Nc6 3. c3 Nf6 4. e5 Nd5 5. d4 cxd4 6. cxd4 d6 7. Bc4 Nb6 8. Bb5
dxe5 9. Nxe5 Bd7 10. Nxd7 Qxd7 11. O-O e6 12. Nc3 a6 13. Bxc6 Qxc6 14. Qg4 h5
15. Qg5 Nd5 16. Re1 Be7 17. Qxg7 Bf6 18. Qg3 Bxd4 19. Nxd5 Qxd5 20. Bf4 h4 21.
Qh3 Rd8 22. Rad1 Qh5 23. Rxe6+ fxe6 24. Qxe6+ Kf8 25. Bd6+ Kg7 26. Rxd4 Rhe8
27. Be5+ 1-0

[Event "OPEN A"]
[Site "?"]
[Date "2007.08.26"]
[Round "2.14"]
[White "Prochazka, Petr"]
[Black "Pokorny, Milan"]
[Result "0-1"]
[WhiteElo "1985"]
[BlackElo "2200"]
[PlyCount "56"]
[EventDate "2007.08.26"]
[SourceDate "2007.08.26"]

1. e4 e6 2. d4 d5 3. e5 c5 4. Nf3 Nc6 5. Bd3 cxd4 6. O-O f6 7. Bb5 Bd7 8. Bxc6
bxc6 9. Qxd4 c5 10. Qh4 Be7 11. Qg3 fxe5 12. Nxe5 Bf6 13. c4 Ne7 14. Bg5 O-O
15. Bxf6 Rxf6 16. Nxd7 Qxd7 17. Nc3 Qc6 18. cxd5 exd5 19. Rfe1 Ng6 20. Rad1 Nf4
21. Re7 Ng6 22. Rc7 Qe8 23. Nxd5 Re6 24. h4 Rd8 25. h5 Re1+ 26. Rxe1 Qxe1+ 27.
Kh2 Rxd5 28. hxg6 Rh5+ 0-1

[Event "OPEN A"]
[Site "?"]
[Date "2007.08.26"]
[Round "2.29"]
[White "Tejkal, Jiri"]
[Black "Zlamal, Frantisek"]
[Result "1-0"]
[WhiteElo "2118"]
[BlackElo "1868"]
[PlyCount "65"]
[EventDate "2007.08.26"]
[SourceDate "2007.08.26"]

1. d4 e6 2. Nf3 Nf6 3. c4 c6 4. Nc3 h6 5. e3 Na6 6. Be2 Be7 7. O-O O-O 8. b3 b6
9. Bb2 d5 10. Ne5 Nb8 11. Qc2 Bb7 12. Rad1 Nfd7 13. f4 Nxe5 14. fxe5 c5 15.
cxd5 exd5 16. Qf5 Qd7 17. Qh5 cxd4 18. exd4 Nc6 19. Bg4 Qd8 20. e6 f6 21. Nxd5
Qe8 22. Nxe7+ Nxe7 23. Ba3 Kh7 24. Qxe8 Rfxe8 25. Bxe7 Rxe7 26. d5 Rc8 27. d6
Rxe6 28. Bxe6 Rd8 29. d7 Ba6 30. Bc4 b5 31. Be6 Kg6 32. Rc1 b4 33. Rc8 1-0

[Event "OPEN A"]
[Site "?"]
[Date "2007.08.26"]
[Round "2.16"]
[White "Zamrazil, Jan"]
[Black "Kubikova, Hana"]
[Result "0-1"]
[WhiteElo "1987"]
[BlackElo "2187"]
[PlyCount "104"]
[EventDate "2007.08.26"]
[SourceDate "2007.08.26"]

1. e4 c5 2. Nc3 Nc6 3. f4 g6 4. Nf3 Bg7 5. g3 d6 6. d3 e6 7. Bg2 Nge7 8. Be3
Nd4 9. Rb1 O-O 10. Ne2 Nxe2 11. Qxe2 Qa5+ 12. c3 Qxa2 13. Kf2 Qa5 14. Ra1 Qc7
15. Ra3 Bd7 16. Rha1 a6 17. Nd2 Rac8 18. Kg1 Bc6 19. Nc4 Bb5 20. Nd2 Rfd8 21.
Nf1 Bd7 22. Bf2 Nc6 23. Kh1 a5 24. Ne3 b5 25. Rc1 Rb8 26. Be1 a4 27. Ra2 Na5
28. c4 Nb3 29. Rb1 Nd4 30. Qd1 b4 31. Kg1 Qb6 32. Raa1 Rdc8 33. Nc2 Nxc2 34.
Qxc2 a3 35. Qb3 Bxb2 36. Rxb2 axb2 37. Qxb2 Bc6 38. Bf3 Qd8 39. Bd2 Ra8 40. Kf2
Rxa1 41. Qxa1 Ra8 42. Qb2 Ra3 43. Bc1 f6 44. Qd2 Ra7 45. Bb2 e5 46. Bd1 Qa5 47.
Bb3 Ba4 48. Bxa4 Qxa4 49. Ke3 Qb3 50. fxe5 fxe5 51. g4 Ra2 52. Qf2 Qxb2 0-1

[Event "OPEN A"]
[Site "?"]
[Date "2007.08.26"]
[Round "2.28"]
[White "Innemann, Frantisek"]
[Black "Fojtu, Jan"]
[Result "0-1"]
[WhiteElo "1903"]
[BlackElo "2019"]
[PlyCount "94"]
[EventDate "2007.08.26"]
[SourceDate "2007.08.26"]

1. e4 c5 2. Nf3 Nc6 3. d4 cxd4 4. Nxd4 Nf6 5. Nxc6 bxc6 6. Bd3 Qc7 7. O-O a5 8.
b3 d5 9. exd5 cxd5 10. Ba3 Ng4 11. g3 Bd7 12. Qe2 Ne5 13. Bb5 Bxb5 14. Qxb5+
Qd7 15. Nc3 e6 16. Bxf8 Qxb5 17. Nxb5 Kxf8 18. Nd4 Rc8 19. Rac1 Ke7 20. f4 Nc6
21. c3 Nxd4 22. cxd4 Kd7 23. Kf2 f6 24. Ke3 Rhe8 25. Kd3 Kd6 26. Rfe1 Rg8 27.
a3 Rxc1 28. Rxc1 Rb8 29. Rc3 Rb7 30. g4 h6 31. Kd2 e5 32. fxe5+ fxe5 33. dxe5+
Kxe5 34. Kc2 Ra7 35. Kd3 Rb7 36. h3 Rf7 37. Ke2 Rb7 38. Rf3 d4 39. Kd2 Ke4 40.
Rg3 g5 41. b4 axb4 42. Rb3 Ra7 43. axb4 Ra2+ 44. Kc1 Kd5 45. b5 Kc4 46. b6 Kxb3
47. b7 Kc3 0-1

[Event "OPEN A"]
[Site "?"]
[Date "2007.08.26"]
[Round "2.15"]
[White "Vanka, Miroslav"]
[Black "Havelka, Petr"]
[Result "1/2-1/2"]
[WhiteElo "2194"]
[BlackElo "1979"]
[PlyCount "82"]
[EventDate "2007.08.26"]
[SourceDate "2007.08.26"]

1. e4 d5 2. exd5 Qxd5 3. Nc3 Qa5 4. Bc4 Nf6 5. d3 c6 6. Bd2 Bg4 7. f3 Qe5+ 8.
Nge2 Bf5 9. d4 Qd6 10. Bf4 Qb4 11. Bb3 Nd5 12. Bd2 Qd6 13. Ne4 Qg6 14. N2g3 Nd7
15. c4 N5f6 16. Nxf5 Qxf5 17. Qe2 Nxe4 18. fxe4 Qf6 19. e5 Qh4+ 20. g3 Qxd4 21.
Bc3 Qc5 22. e6 fxe6 23. O-O-O e5 24. Rxd7 Kxd7 25. Rd1+ Ke8 26. Bxe5 e6 27. Bc2
Qe7 28. Qe3 Qc5 29. Qg5 Qe7 30. Qg4 Qf7 31. Bc3 Rd8 32. Re1 Rd6 33. c5 Rd5 34.
Bb3 Kd8 35. Rxe6 Qf5 36. Qe2 Qg5+ 37. Kb1 Rxc5 38. Re8+ Kc7 39. Bc2 Rxc3 40.
bxc3 Ba3 41. Qe5+ Qxe5 1/2-1/2

[Event "OPEN A"]
[Site "?"]
[Date "????.??.??"]
[Round "2.19"]
[White "Kaiser, Rudolf"]
[Black "Keller, Daniel"]
[Result "1/2-1/2"]
[WhiteElo "1948"]
[BlackElo "2139"]
[Annotator "Voracek,Zdenek"]
[PlyCount "85"]
[EventDate "2007.08.26"]
[SourceDate "2007.08.26"]

1. d4 e5 2. dxe5 Nc6 3. Nf3 Qe7 4. Nbd2 Nxe5 5. Nxe5 Qxe5 6. Nf3 Qa5+ 7. Qd2
Qxd2+ 8. Bxd2 Bc5 9. Bc3 Nf6 10. Bxf6 gxf6 11. g3 d5 12. Rd1 c6 13. Nd4 Bd7 14.
h4 O-O-O 15. Bh3 Bxh3 16. Rxh3 Rhe8 17. e3 Re4 18. Ke2 Rde8 19. c3 Kc7 20. Rhh1
Bb6 21. Kf3 h5 22. Rd2 R8e5 23. Rhd1 a6 24. Ne2 Re8 25. Nf4 Rh8 26. Rd3 Ra4 27.
a3 Re4 28. Ke2 Bc5 29. Kd2 b5 30. Kc2 Bd6 31. Ne2 Bc5 32. Nd4 Rhe8 33. Nb3 Bb6
34. Nd2 R4e5 35. Nb3 a5 36. Nc1 Bc5 37. R3d2 Re4 38. Nd3 Bd6 39. Nc1 b4 40.
axb4 axb4 41. Rd4 bxc3 42. Rxe4 dxe4 43. bxc3 {dale necitelny zapis} 1/2-1/2

[Event "Open A"]
[Site "?"]
[Date "2007.08.26"]
[Round "2.18"]
[White "Kojetsky, Pavel"]
[Black "Horyna, Josef"]
[Result "1-0"]
[WhiteElo "2147"]
[BlackElo "1893"]
[Annotator "Øeøábek,Jaroslav"]
[PlyCount "66"]
[EventDate "2007.08.26"]
[SourceDate "2007.08.26"]

1. e4 e6 2. d4 d5 3. Nd2 Nf6 4. e5 Nfd7 5. Bd3 c5 6. c3 Nc6 7. Ne2 Qb6 8. Nf3
cxd4 9. cxd4 Bb4+ 10. Bd2 Bxd2+ 11. Qxd2 Qb4 12. a3 Qxd2+ 13. Nxd2 b6 14. b4
Bb7 15. O-O Rc8 16. Rfc1 Ke7 17. f4 Ncb8 18. Nc3 Ba6 19. Bxa6 Nxa6 20. Nb5
Rxc1+ 21. Rxc1 Ra8 22. Kf2 f6 23. Ke3 fxe5 24. fxe5 g5 25. g4 h5 26. h3 hxg4
27. hxg4 Rh8 28. Nf3 Rh3 29. Kf2 Nab8 30. Nxa7 Rh7 31. Ke3 Rg7 32. Rc8 Rf7 33.
Nb5 {dale necitelne} Rg7 1-0

[Event "Open A"]
[Site "?"]
[Date "2007.08.26"]
[Round "2.17"]
[White "Purnoch, Josef"]
[Black "Postupa, Martin"]
[Result "1-0"]
[WhiteElo "2184"]
[BlackElo "1985"]
[PlyCount "41"]
[EventDate "2007.??.??"]
[SourceDate "2007.08.26"]

1. d4 d5 2. c4 e6 3. Nc3 Nf6 4. Bg5 Bb4 5. Qa4+ Nc6 6. e3 h6 7. Bh4 g5 8. Bg3
Ne4 9. Qc2 f5 10. Bd3 O-O 11. Nge2 Na5 12. cxd5 exd5 13. O-O-O Bxc3 14. Nxc3 f4
15. exf4 gxf4 16. Bxe4 dxe4 17. Qxe4 fxg3 18. Qg6+ Kh8 19. Qxh6+ Kg8 20. Qg6+
Kh8 21. hxg3+ 1-0

[Event "Open A"]
[Site "?"]
[Date "2007.08.26"]
[Round "2.25"]
[White "Ruzicka, Vaclav"]
[Black "Herejk, Petr"]
[Result "0-1"]
[WhiteElo "1953"]
[BlackElo "2162"]
[PlyCount "80"]
[EventDate "2007.??.??"]
[SourceDate "2007.08.26"]

1. c4 e5 2. Nc3 Nf6 3. d3 d5 4. cxd5 Nxd5 5. Nf3 Nc6 6. g3 Be7 7. Bg2 Nb6 8.
O-O O-O 9. a3 Re8 10. b4 Bf8 11. Bb2 Bg4 12. h3 Bh5 13. Rc1 Qd7 14. Kh2 Nd4 15.
g4 Bg6 16. Nh4 c6 17. Nxg6 hxg6 18. Ne4 Rad8 19. Nc5 Qc7 20. e3 Ne6 21. Nxb7
e4+ 22. Nd6 Qxd6+ 23. Kg1 Qxd3 24. Qxd3 exd3 25. Bxc6 Re7 26. Rfd1 Rc7 27. Be4
Rxc1 28. Bxc1 Ng5 29. Bxd3 Nf3+ 30. Kf1 Ne5 31. Be2 Rxd1+ 32. Bxd1 Nd3 33. Bd2
Nc4 34. Bc3 Nxa3 35. Bd4 Nb5 36. Bxg7 Kxg7 37. Be2 Nxf2 38. Kxf2 Nc3 39. Ba6
Bxb4 40. Kf3 g5 0-1

[Event "Open A"]
[Site "?"]
[Date "2007.08.26"]
[Round "2.10"]
[White "Ptak, Pavel"]
[Black "Moravec, Vit"]
[Result "1-0"]
[WhiteElo "2162"]
[BlackElo "2020"]
[PlyCount "77"]
[EventDate "2007.??.??"]
[SourceDate "2007.08.26"]

1. d4 Nf6 2. g3 d5 3. Nf3 e6 4. Bg2 Be7 5. c4 c6 6. Qc2 Nbd7 7. O-O O-O 8. Rd1
b6 9. Bg5 Ne4 10. Bxe7 Qxe7 11. Nfd2 Nxd2 12. Nxd2 Bb7 13. e4 dxe4 14. Nxe4 Nf6
15. Re1 Rfd8 16. Rad1 Rac8 17. Ng5 h6 18. Nf3 Qc7 19. c5 b5 20. Ne5 Nd7 21. f4
Nxe5 22. dxe5 Rxd1 23. Rxd1 Rd8 24. Rd6 Rxd6 25. exd6 Qd7 26. h4 Qe8 27. Qe4
Qd7 28. Kh2 f5 29. Qf3 Qe8 30. Qa3 e5 31. fxe5 Qxe5 32. Qd3 Qf6 33. d7 Qd8 34.
Qxf5 a5 35. Qe6+ Kf8 36. Qd6+ Kf7 37. Be4 Kg8 38. Qe6+ Kf8 39. Bg6 1-0

[Event "Open A"]
[Site "?"]
[Date "2007.08.26"]
[Round "2.3"]
[White "Studnicka, Tomas"]
[Black "Fikr, Lukas"]
[Result "1-0"]
[WhiteElo "2307"]
[BlackElo "2134"]
[Annotator "Øeøábek,Jaroslav"]
[PlyCount "54"]
[EventDate "2007.??.??"]
[SourceDate "2007.08.26"]

1. d4 Nf6 2. c4 g6 3. Nc3 Bg7 4. e4 d6 5. f3 O-O 6. Be3 e5 7. d5 c6 8. Qd2 cxd5
9. cxd5 Ne8 10. Bd3 f5 11. Nge2 Nd7 12. exf5 gxf5 13. O-O Ndf6 14. Rad1 Kh8 15.
Qc2 Qa5 16. Rde1 a6 17. a3 b5 18. Bf2 Nh5 19. Qd2 Qd8 20. b4 Bf6 21. f4 Rg8 22.
a4 exf4 23. Nxf4 Nxf4 24. Qxf4 Be5 25. Bd4 Qf6 26. Bxe5 dxe5 27. Qf2 Bd7 {
dale necitelne} 1-0

[Event "Open A"]
[Site "?"]
[Date "2007.08.26"]
[Round "2.9"]
[White "Kozak, Milos"]
[Black "Voracek, Zdenek"]
[Result "1-0"]
[WhiteElo "2213"]
[BlackElo "2061"]
[PlyCount "79"]
[EventDate "2007.??.??"]
[SourceDate "2007.08.26"]

1. d4 d5 2. c4 e6 3. Nf3 Nf6 4. Nc3 Be7 5. Bf4 c6 6. e3 O-O 7. Qc2 Nbd7 8. h3
a6 9. cxd5 cxd5 10. Bd3 b5 11. O-O Bb7 12. a4 b4 13. Na2 Rc8 14. Qe2 Qb6 15.
Nc1 Ne4 16. a5 Qa7 17. Nb3 Nd6 18. Nfd2 Rc6 19. f3 Bf6 20. Bg3 Rfc8 21. Bf2 Nc4
22. Ra2 Qb8 23. f4 Bd8 24. Nf3 f6 25. Be1 Qd6 26. Ra4 e5 27. Bxb4 Qe6 28. fxe5
fxe5 29. dxe5 Qh6 30. Bf5 Nxe3 31. Bd2 Qh5 32. g4 Qxh3 33. Bxe3 d4 34. Nbxd4
Nxe5 35. Qh2 Nxf3+ 36. Nxf3 Qxf1+ 37. Kxf1 Rc1+ 38. Bxc1 Rxc1+ 39. Ne1 g6 40.
Be6+ 1-0

[Event "Open A"]
[Site "?"]
[Date "2007.08.26"]
[Round "2.30"]
[White "Sochorova, Jana"]
[Black "Sirota, Sergej"]
[Result "1/2-1/2"]
[WhiteElo "1882"]
[BlackElo "2009"]
[PlyCount "78"]
[EventDate "2007.??.??"]
[SourceDate "2007.08.26"]

1. Nf3 d5 2. b3 Bf5 3. Bb2 e6 4. e3 Nf6 5. c4 c6 6. Be2 Nbd7 7. O-O h6 8. d4
Bd6 9. Nc3 O-O 10. Rc1 Rc8 11. h3 Qe7 12. Bd3 Bxd3 13. Qxd3 Rfd8 14. e4 dxe4
15. Nxe4 Nxe4 16. Qxe4 Nf6 17. Qe3 Ba3 18. Bxa3 Qxa3 19. Rfd1 Rd6 20. Rc2 Rcd8
21. Rcd2 Nd7 22. Kh2 Qa5 23. Qf4 Nf6 24. Qe3 Qb4 25. Rd3 Qa5 26. R3d2 Qh5 27.
Kg1 Qa5 28. Kh2 b5 29. Ne5 Qc7 30. Kg1 Nd7 31. Qf4 Nxe5 32. Qxe5 R6d7 33. Qxc7
Rxc7 34. Kf1 Rcd7 35. Ke2 f6 36. f4 Kf7 37. Ke3 f5 38. Rd3 Kf6 39. g3 Rd6
1/2-1/2

[Event "Open A"]
[Site "?"]
[Date "2007.08.26"]
[Round "2.26"]
[White "Misicko, Jan"]
[Black "Lexa, Vaclav"]
[Result "1/2-1/2"]
[WhiteElo "2113"]
[BlackElo "1937"]
[PlyCount "55"]
[EventDate "2007.??.??"]
[SourceDate "2007.08.26"]

1. c4 e5 2. Nc3 g6 3. g3 Bg7 4. Bg2 d6 5. e4 f5 6. exf5 gxf5 7. Qh5+ Kf8 8. d3
c6 9. Nge2 Nf6 10. Qh4 Qe8 11. Bh6 Qg6 12. Bxg7+ Kxg7 13. O-O Be6 14. f4 Nbd7
15. b3 Qg4 16. fxe5 Qxh4 17. gxh4 dxe5 18. Bh3 Ng4 19. d4 Rhf8 20. dxe5 Ndxe5
21. Nd4 Bd7 22. Nf3 Rae8 23. Rad1 Rc8 24. Nxe5 Nxe5 25. Rd6 Nf7 26. Rd3 Ne5 27.
Rg3+ Ng4 28. Nd1 1/2-1/2

[Event "Open B"]
[Site "?"]
[Date "????.??.??"]
[Round "2.32"]
[White "Hampel, Rudolf"]
[Black "Vanecek, Stanislav"]
[Result "0-1"]
[WhiteElo "1822"]
[BlackElo "2002"]
[PlyCount "32"]

1. e4 c5 2. Nc3 Nc6 3. f4 g6 4. Nf3 Bg7 5. Bc4 e6 6. O-O Nge7 7. Qe1 O-O 8. d3
a6 9. a4 d5 10. Bb3 Bd7 11. Qh4 Na5 12. f5 Nxb3 13. cxb3 exf5 14. Bh6 dxe4 15.
Ng5 f6 16. dxe4 Bxh6 0-1

[Event "Open A"]
[Site "?"]
[Date "????.??.??"]
[Round "2.8"]
[White "Marsalek, Lubos"]
[Black "Balhar, Jan"]
[Result "0-1"]
[WhiteElo "2028"]
[BlackElo "2226"]
[PlyCount "164"]

1. Nf3 Nf6 2. d4 e6 3. Bg5 c5 4. e3 d5 5. c3 Nc6 6. Bd3 Bd6 7. O-O O-O 8. Nbd2
h6 9. Bh4 e5 10. Nxe5 Nxe5 11. dxe5 Bxe5 12. Nf3 Bc7 13. Bc2 g5 14. Bg3 Bxg3
15. hxg3 Qe7 16. Qd3 Be6 17. a4 Ne4 18. Rad1 Rad8 19. Qb5 Qc7 20. Qd3 f5 21.
Nd2 Rd7 22. Nxe4 fxe4 23. Qe2 Qe5 24. Rd2 Rdf7 25. Bb3 c4 26. Bd1 g4 27. Qe1 h5
28. Be2 Rh7 29. Bd1 h4 30. gxh4 Rf3 31. g3 Rxh4 32. Kg2 Rh3 33. Rh1 Qh5 34.
Rxh3 Qxh3+ 35. Kg1 Rf7 36. Qf1 Qxf1+ 37. Kxf1 Rc7 38. Ke2 a6 39. Bc2 b5 40. Kd1
Rb7 41. axb5 axb5 42. b3 Ra7 43. Kc1 Ra2 44. bxc4 bxc4 45. Kb1 Ra7 46. Bd1 Kg7
47. Rb2 Kf6 48. Rb6 Ke5 49. Rb4 Rf7 50. Rb2 Kd6 51. Rb6+ Ke5 52. Rb2 Rh7 53.
Ba4 Rh1+ 54. Ka2 Kd6 55. Rb6+ Ke7 56. Ka3 Rf1 57. Rb2 Bd7 58. Bxd7 Kxd7 59. Kb4
Kc6 60. Ka5 Ra1+ 61. Kb4 Kb6 62. Rd2 Rb1+ 63. Ka4 Kc5 64. Ra2 Rc1 65. Ka3 Rxc3+
66. Kb2 Rb3+ 67. Kc2 Rb7 68. Ra8 Rf7 69. Rc8+ Kd6 70. Rd8+ Kc6 71. Rc8+ Kd7 72.
Rg8 Rxf2+ 73. Kc3 Re2 74. Kd4 Rd2+ 75. Ke5 c3 76. Rg7+ Kc8 77. Kd6 c2 78. Rc7+
Kb8 79. Rc5 Kb7 80. Rb5+ Ka6 81. Rc5 Kb6 82. Rc8 Kb5 0-1

[Event "Open A"]
[Site "?"]
[Date "????.??.??"]
[Round "2.6"]
[White "Vevera, Radek"]
[Black "Srba, Milan"]
[Result "1-0"]
[WhiteElo "2069"]
[BlackElo "2237"]
[PlyCount "117"]

1. Nf3 Nf6 2. g3 d5 3. Bg2 e6 4. d4 Be7 5. O-O O-O 6. c4 dxc4 7. Nc3 Nc6 8. e4
a6 9. e5 Nd5 10. Ne4 Bd7 11. h4 Ncb4 12. Bg5 Bc6 13. Nh2 Nb6 14. Qg4 Kh8 15.
Qh5 g6 16. Qh6 Bxe4 17. Bxe4 Bxg5 18. hxg5 Qxd4 19. Ng4 Rg8 20. Nf6 Rg7 21. Kg2
Nd7 22. Rad1 Nd3 23. Bxd3 cxd3 24. Rh1 Nxf6 25. exf6 Qe4+ 26. Kg1 Rag8 27. Kh2
Qe2 28. Rhf1 c5 29. Kg1 c4 30. Qh4 b5 31. Qd4 e5 32. Qc3 h6 33. fxg7+ Kh7 34.
Rfe1 Qg4 35. Qxe5 Rxg7 36. gxh6 Rg8 37. Qe7 Qf3 38. Rd2 Rc8 39. Re4 c3 40. Qe5
f6 41. Qe7+ Kxh6 42. Rh4+ Kg5 43. bxc3 Rxc3 44. Qe3+ Qxe3 45. fxe3 Rc2 46. Rxd3
Rxa2 47. Rd5+ f5 48. Rf4 Ra3 49. Kf2 Ra2+ 50. Kf3 Kf6 51. Rc5 Ke6 52. Rd4 g5
53. g4 fxg4+ 54. Kxg4 Rg2+ 55. Kf3 Ra2 56. Rxg5 Ke7 57. Ke4 Rb2 58. Rg7+ Kf6
59. Ra7 1-0

[Event "Open A"]
[Site "?"]
[Date "????.??.??"]
[Round "3.26"]
[White "Matejovsky, Ondrej"]
[Black "Sochorova, Jana"]
[Result "1/2-1/2"]
[WhiteElo "2088"]
[BlackElo "1882"]
[PlyCount "45"]
[EventDate "2007.08.26"]
[SourceDate "2007.08.26"]

1. e4 c6 2. d4 d5 3. exd5 cxd5 4. c3 Nf6 5. Bd3 Nc6 6. Nf3 Bg4 7. O-O e6 8. Bf4
Bd6 9. Bg3 O-O 10. Nbd2 Bh5 11. Re1 Bg6 12. Bxg6 hxg6 13. Ne5 Qc7 14. Ndf3 Ne4
15. Qd3 Ne7 16. Nd2 Nxd2 17. Qxd2 Rfe8 18. Qe2 Nf5 19. Qb5 a6 20. Qb3 b5 21.
Nd3 Nxg3 22. hxg3 Rab8 23. a3 1/2-1/2

[Event "Open A"]
[Site "?"]
[Date "????.??.??"]
[Round "3.16"]
[White "Lizner, Milan"]
[Black "Tejkal, Jiri"]
[Result "1/2-1/2"]
[WhiteElo "2140"]
[BlackElo "2018"]
[PlyCount "23"]
[EventDate "2007.08.26"]
[SourceDate "2007.08.26"]

1. e4 c5 2. Nf3 Nc6 3. c3 d5 4. exd5 Qxd5 5. d4 cxd4 6. cxd4 e5 7. Nc3 Bb4 8.
Be3 Nge7 9. dxe5 Qxd1+ 10. Rxd1 O-O 11. Be2 Ng6 12. O-O 1/2-1/2

[Event "Open A"]
[Site "?"]
[Date "2007.08.26"]
[Round "3.23"]
[White "Voracek, Zdenek"]
[Black "Feierfeil, Jiri"]
[Result "1-0"]
[WhiteElo "2061"]
[BlackElo "1978"]
[PlyCount "61"]
[EventDate "2007.08.26"]
[SourceDate "2007.08.26"]

1. d4 Nf6 2. c4 g6 3. Nc3 d5 4. cxd5 Nxd5 5. e4 Nxc3 6. bxc3 Bg7 7. Bc4 O-O 8.
Ne2 e6 9. Be3 Nc6 10. O-O Na5 11. Bd3 b6 12. Qd2 Bb7 13. Rad1 Qe7 14. Bg5 Bf6
15. Bxf6 Qxf6 16. e5 Qg7 17. Ng3 f5 18. exf6 Qxf6 19. Rfe1 Bd5 20. Qe2 Rae8 21.
Ne4 Qf4 22. c4 Bc6 23. g3 Qh6 24. f4 Bxe4 25. Bxe4 c6 26. Bg2 Kf7 27. Rd3 Re7
28. d5 Nxc4 29. dxc6 b5 30. Rd7 Rfe8 31. Qxe6+ 1-0

[Event "Open A"]
[Site "?"]
[Date "2007.08.26"]
[Round "3.3"]
[White "Voracek, Miroslav"]
[Black "Studnicka, Tomas"]
[Result "1-0"]
[WhiteElo "2153"]
[BlackElo "2307"]
[PlyCount "75"]
[EventDate "2007.08.26"]
[SourceDate "2007.08.26"]

1. d4 Nf6 2. c4 g6 3. Nc3 d5 4. cxd5 Nxd5 5. e4 Nxc3 6. bxc3 Bg7 7. Bc4 c5 8.
Ne2 O-O 9. O-O Nc6 10. Be3 Bd7 11. Rb1 Qc7 12. Bd3 Rad8 13. Qd2 Bc8 14. Rfc1 e6
15. Qc2 Qe7 16. e5 cxd4 17. cxd4 Nb4 18. Rxb4 Qxb4 19. Bg5 Rd5 20. h4 Rxd4 21.
Nxd4 Qxd4 22. Qxc8 Qxd3 23. Qxb7 Bxe5 24. Qxa7 Bd4 25. Qa4 e5 26. Qc2 Qa6 27.
a4 Qb6 28. Bh6 Re8 29. Qd2 e4 30. a5 Qa7 31. Rd1 Bc5 32. Qb2 Bf8 33. Bxf8 Rxf8
34. Qe5 f6 35. Qe6+ Rf7 36. a6 Kg7 37. Rb1 Re7 38. Qxe7+ 1-0